| 000 | 00835cab a2200289 4500 | ||
|---|---|---|---|
| 001 | X2864 | ||
| 008 | 090401t1995 xxu||||| |||| 00| 0 eng d | ||
| 035 | _a(Sirsi) u26932 | ||
| 041 | _aeng | ||
| 100 | _aNapier, G. | ||
| 245 | _aBuilding the new Germany | ||
| 260 | _c1995 | ||
| 350 | _a0 | ||
| 490 |
_aCSM (Chartered Surveyor Monthly) _v5(1) September 1995, 33; 5(2) October 1995, 9(2) |
||
| 520 | _aLooks at the construction market of a unified Germany. Figures comparing construction output of Germany, France, Italy, Spain and Great Britain 1992-1996. | ||
| 650 | _aEUROPE | ||
| 650 | _aFRANCE | ||
| 650 | _aGERMANY | ||
| 650 | _aHOUSE BUILDING | ||
| 650 | _aITALY | ||
| 650 | _aRECONSTRUCTION | ||
| 650 | _aSPAIN | ||
| 650 | _aUNIFICATION | ||
| 690 | _aOVERSEAS-EUROPE | ||
| 942 | _n0 | ||
| 948 | _c04/03/1997 | ||
| 999 |
_c18144 _d18144 |
||